000 00561cam a22002053a 4500
001 38338
003 PGUSA
005 20140828083839.0
008 111218s2011||||xxu|||||s|||||000 | eng d
040 _aPGUSA
_beng
042 _adc
100 1 _aAlbertazzi, Adolfo,
_d1865-1924
245 1 0 _aTop
_h[electronic resource] /
_cAdolfo Albertazzi
260 _bProject Gutenberg,
_c2011
506 _aPublic domain in the USA.
516 _aElectronic text
830 0 _aProject Gutenberg
_v38338
856 4 0 _uhttp://www.gutenberg.org/ebooks/38338
942 _cEB
999 _c267592
_d267592